Home information pack (Record no. 85432)

MARC details
000 -LEADER
fixed length control field 01242cam a2200325 4500
001 - CONTROL NUMBER
control field J122954
008 - FIXED-LENGTH DATA ELEMENTS--GENERAL INFORMATION
fixed length control field 030707n2003 000 0 eng u
035 ## - SYSTEM CONTROL NUMBER
System control number (Sirsi) u122954
041 ## - LANGUAGE CODE
Language code of text/sound track or separate title eng
050 ## - LIBRARY OF CONGRESS CALL NUMBER
Classification number 333.332
-- 18
100 ## - MAIN ENTRY--PERSONAL NAME
Personal name Land, Howard
245 ## - TITLE STATEMENT
Title Home information pack
Remainder of title home condition report
Medium [sound recording]
260 ## - PUBLICATION, DISTRIBUTION, ETC.
Place of publication, distribution, etc. London
Name of publisher, distributor, etc. RICS
Date of publication, distribution, etc. 2003
300 ## - PHYSICAL DESCRIPTION
Extent 1 audio CD (ca. 60 min.)
490 ## - SERIES STATEMENT
Series statement Owlion Audio Programme
520 ## - SUMMARY, ETC.
Summary, etc. Owlion CD outlining the changes arising from the Housing Bill 2003. Reforms proposed in the Bill include the introduction of home information packs, previously known as the sellers' packs. Produced in assocation with SAVA and the ODPM.
650 ## - SUBJECT ADDED ENTRY--TOPICAL TERM
Topical term or geographic name entry element HOME CONDITION REPORTS
650 ## - SUBJECT ADDED ENTRY--TOPICAL TERM
Topical term or geographic name entry element HOME INFORMATION PACKS
650 ## - SUBJECT ADDED ENTRY--TOPICAL TERM
Topical term or geographic name entry element HOUSING BILL 2003
690 ## - LOCAL SUBJECT ADDED ENTRY--TOPICAL TERM (OCLC, RLIN)
Topical term or geographic name as entry element PROPERTY AND LAND LAW-CONVEYANCING
700 ## - ADDED ENTRY--PERSONAL NAME
Personal name Creffield, Paul
700 ## - ADDED ENTRY--PERSONAL NAME
Personal name Dunsmore-Hardy, Hugh
700 ## - ADDED ENTRY--PERSONAL NAME
Personal name Legrand, Christopher
700 ## - ADDED ENTRY--PERSONAL NAME
Personal name Woodward, David
710 ## - ADDED ENTRY--CORPORATE NAME
Corporate name or jurisdiction name as entry element College of Estate Management
9 (RLIN) 400
710 ## - ADDED ENTRY--CORPORATE NAME
Corporate name or jurisdiction name as entry element United Kingdom
Subordinate unit Office of the Deputy Prime Minister
710 ## - ADDED ENTRY--CORPORATE NAME
Corporate name or jurisdiction name as entry element Royal Institution of Chartered Surveyors
9 (RLIN) 4900
710 ## - ADDED ENTRY--CORPORATE NAME
Corporate name or jurisdiction name as entry element Surveyors and Valuers Accreditation
9 (RLIN) 4232
942 ## - ADDED ENTRY ELEMENTS (KOHA)
Suppress in OPAC 0
Holdings
Withdrawn status Lost status Source of classification or shelving scheme Damaged status Not for loan Home library Current library Shelving location Date acquired Total Checkouts Full call number Barcode Date last seen Date last checked out Copy number Price effective from Koha item type
    Dewey Decimal Classification     London London Enquiry desk 21/08/2003 3 BASEMENT 7 30067703 06/08/2019 23/07/2004 2 06/08/2019 Audio
    Dewey Decimal Classification     London London Enquiry desk 19/01/2005 5 BASEMENT 7 30067428 06/08/2019 16/05/2007 4 06/08/2019 Audio